| 000 | 004530000a22001570004500 | ||
|---|---|---|---|
| 020 | _a84-8280-173-2 | ||
| 041 | 0 | _aSPA | |
| 082 | 0 | 4 | _aG 862.33 M7221b |
| 100 | 1 | _aMolina, Tirso de (1571-1648) | |
| 245 | 1 | 0 | _aEl burlador de Sevilla. El vergonzoso en palacio / Tirso de Molina ; Antonio Prieto, Editor |
| 260 | _aBogotá : Oveja Negra | ||
| 300 | _a269 Pag | ||
| 440 | 0 | _aColección Historia Universal de la Literatura | |
| 001 | 13141 | ||
| 942 | _cBK | ||
| 999 |
_c42131 _d42131 |
||